[Event "22e tournoi d'automne"]
[Site "Montigny le Bretonneux"]
[Date "2024.10.19"]
[Round "1.1"]
[White "Benhadid, Jazzmine"]
[Black "Fruchard, Cyrille"]
[Result "0-1"]
[WhiteElo "1723"]
[BlackElo "2276"]
[Annotator "Rivier,Sylvain"]
[PlyCount "76"]
[EventDate "2024.??.??"]
[WhiteTeam "C.E. de  Bois-Colombes"]
[BlackTeam "La Dame Noire"]

{Défense moderne, système Averbach} 1. e4 c6 2. c4 g6 3. Nf3 Bg7 4. d4 d6 5.
Nc3 Bg4 6. Be2 Qb6 7. Na4 Qa5+ 8. Bd2 Qc7 9. Be3 Nf6 10. Nc3 O-O 11. O-O Nbd7
12. Qd2 e5 13. dxe5 dxe5 14. Rfd1 Rfd8 15. Qd6 Qa5 16. Qd2 Nc5 17. Qc2 Ne6 18.
a3 Qc7 19. c5 Bxf3 20. Bxf3 Nd7 21. Ne2 b6 22. cxb6 axb6 23. b4 Ndf8 24. Bg4
Nd4 25. Qc3 h5 26. Bf3 Nfe6 27. Bxd4 exd4 28. Qd3 Be5 29. g3 c5 30. Rac1 Qa7
31. Ra1 c4 32. Qxc4 d3 33. Nf4 Nxf4 34. gxf4 Bxa1 35. Rxa1 Rac8 36. Qb5 d2 37.
Rd1 Qxa3 38. Qxb6 Qxf3 0-1

[Event "22e tournoi d'automne"]
[Site "Montigny le Bretonneux"]
[Date "2024.10.19"]
[Round "1.2"]
[White "Loiret, Stanislas"]
[Black "Neveu, Raphael"]
[Result "1-0"]
[WhiteElo "2153"]
[BlackElo "1705"]
[Annotator "Rivier,Sylvain"]
[PlyCount "57"]
[EventDate "2024.??.??"]
[WhiteTeam "Bayard Monge Echecs"]
[BlackTeam "La Dame Noire"]

{Partie écossaise} 1. e4 e5 2. Nf3 Nc6 3. d4 exd4 4. Nxd4 Nf6 5. Nxc6 bxc6 6.
e5 Qe7 7. Qe2 Nd5 8. h4 a5 9. c4 Ba6 10. Rh3 Nb6 11. b3 a4 12. Bb2 axb3 13.
axb3 Bb7 14. Rxa8+ Bxa8 15. Ba3 Qe6 16. c5 Be7 17. cxb6 cxb6 18. Qe3 b5 19.
Bxe7 Qxe7 20. Nd2 O-O 21. Qd4 Bb7 22. Qd6 Qe8 23. Re3 Qa8 24. Bd3 Rd8 25. h5
Qa1+ 26. Bb1 Qa8 27. h6 g6 28. Qf6 Kf8 29. Rf3 1-0

[Event "22e tournoi d'automne"]
[Site "Montigny le Bretonneux"]
[Date "2024.10.19"]
[Round "1.3"]
[White "Imbert, Nicolas"]
[Black "Gouanelle, Franck"]
[Result "0-1"]
[WhiteElo "1662"]
[BlackElo "2033"]
[Annotator "Rivier,Sylvain"]
[PlyCount "88"]
[EventDate "2024.??.??"]
[WhiteTeam "Saint-Quentin en Yvelines"]
[BlackTeam "C.E. de Rueil Malmaison"]

{Défense Caro-Kann, variante d'échange} 1. d4 d5 2. Bf4 c5 3. e3 cxd4 4. exd4
Nc6 5. c3 f6 6. Nf3 Bg4 7. Be2 e6 8. h3 Bh5 9. Nbd2 Bd6 10. Bxd6 Qxd6 11. O-O
Nge7 12. Re1 O-O 13. Qc2 Rae8 14. Rad1 a6 15. Nf1 Bg6 16. Bd3 b5 17. Bxg6 Nxg6
18. a3 Na5 19. Ne3 Nc4 20. Nxc4 bxc4 21. Re2 Rb8 22. g3 Rf7 23. Rde1 Nf8 24.
Rb1 Rfb7 25. Qc1 Rb6 26. Kg2 R8b7 27. g4 Ng6 28. Re3 Nf4+ 29. Kf1 Nd3 30. Rxd3
cxd3 31. Kg2 e5 32. dxe5 fxe5 33. Qd2 e4 34. Nd4 g6 35. b4 Rf7 36. a4 Rfb7 37.
a5 Rc6 38. Nxc6 Qxc6 39. Qg5 Rf7 40. Qe5 e3 41. fxe3 d4+ 42. e4 dxc3 43. Rb3 c2
44. Rc3 c1=Q 0-1

[Event "22e tournoi d'automne"]
[Site "Montigny le Bretonneux"]
[Date "2024.10.19"]
[Round "1.4"]
[White "Forissier, Nicolas"]
[Black "Couradin, Jean-Marie"]
[Result "1-0"]
[WhiteElo "1934"]
[BlackElo "1659"]
[Annotator "Rivier,Sylvain"]
[PlyCount "63"]
[EventDate "2024.??.??"]
[WhiteTeam "La Dame Noire"]
[BlackTeam "La Dame Noire"]

{Gambit dame, variante Meran} 1. d4 d5 2. c4 c6 3. e3 Nf6 4. Nc3 a6 5. Nf3 e6
6. Bd3 dxc4 7. Bxc4 b5 8. Bd3 Nbd7 9. O-O Bb7 10. Re1 Qb6 11. a4 b4 12. a5 Qc7
13. Ne4 c5 14. Nxf6+ Nxf6 15. Ne5 Bd6 16. Qa4+ Ke7 17. f4 Rhc8 18. Nc4 Nd7 19.
Bd2 Bc6 20. Qc2 Qb7 21. dxc5 Bxc5 22. Nb6 Bxb6 23. Bxb4+ Ke8 24. axb6 Nxb6 25.
Qc5 Nd5 26. Qf8+ Kd7 27. Qxf7+ Kd8 28. Ba5+ Nc7 29. Red1 Bd5 30. e4 Qa7+ 31.
Kh1 Qc5 32. exd5 1-0

[Event "22e tournoi d'automne"]
[Site "Montigny le Bretonneux"]
[Date "2024.10.19"]
[Round "1.5"]
[White "Poletto, Claude"]
[Black "Divies, Renaud"]
[Result "0-1"]
[WhiteElo "1646"]
[BlackElo "1929"]
[Annotator "Rivier,Sylvain"]
[PlyCount "38"]
[EventDate "2024.??.??"]
[WhiteTeam "Gambit Roi de Carrieres sur Seine"]
[BlackTeam "Club d'Echecs du Vesinet"]

{Défense vieille Benoni} 1. d4 c5 2. d5 f5 3. Nc3 Nf6 4. Bg5 Qb6 5. Rb1 h6 6.
Bxf6 Qxf6 7. e4 d6 8. Bb5+ Nd7 9. Nf3 g6 10. O-O Bg7 11. Qd3 O-O 12. a4 f4 13.
a5 g5 14. g4 h5 15. h3 Qg6 16. Bxd7 Bxd7 17. Nh2 hxg4 18. hxg4 f3 19. Nxf3 Rf4
0-1

[Event "22e tournoi d'automne"]
[Site "Montigny le Bretonneux"]
[Date "2024.10.19"]
[Round "1.6"]
[White "Rajewski, Alexandre"]
[Black "Viot Le Henaff, Francois-Xavier"]
[Result "1/2-1/2"]
[WhiteElo "1920"]
[BlackElo "1605"]
[Annotator "Rivier,Sylvain"]
[PlyCount "60"]
[EventDate "2024.??.??"]
[WhiteTeam "Villepreux Le Fou du Roi"]
[BlackTeam "Reims Echec et Mat"]

{Ouverture Bird} 1. f4 d5 2. Nf3 c5 3. e3 Nf6 4. c3 Nc6 5. d4 cxd4 6. exd4 Bf5
7. Bd3 Qd7 8. O-O Bg4 9. Be3 e6 10. Nbd2 Bd6 11. Qe1 Bf5 12. Bxf5 exf5 13. Ne5
Bxe5 14. dxe5 Ne4 15. Nxe4 dxe4 16. Bc5 b6 17. Rd1 Qb7 18. Bd6 O-O-O 19. Qe2 h5
20. b4 Qd7 21. Qc4 Kb7 22. Qd5 Qe6 23. c4 Qxd5 24. cxd5 Rxd6 25. dxc6+ Rxc6 26.
Rd7+ Rc7 27. Rfd1 Rhc8 28. b5 Rxd7 29. Rxd7+ Rc7 30. Rd8 Re7 1/2-1/2

[Event "22e tournoi d'automne"]
[Site "Montigny le Bretonneux"]
[Date "2024.10.19"]
[Round "1.7"]
[White "Gimard, Yves"]
[Black "Martin-Breteau, Paul"]
[Result "0-1"]
[WhiteElo "1586"]
[BlackElo "1884"]
[Annotator "Rivier,Sylvain"]
[PlyCount "96"]
[EventDate "2024.??.??"]
[WhiteTeam "C.E. de Rambouillet - Le Roi de Rome"]
[BlackTeam "GIF-CC2-Echecs"]

{Partie écossaise} 1. e4 e5 2. Nf3 Nc6 3. d4 exd4 4. Nxd4 Nf6 5. Nxc6 bxc6 6.
Bd3 d5 7. Qe2 Bg4 8. f3 Be6 9. Bg5 Be7 10. Nd2 O-O 11. e5 Nd7 12. Bxe7 Qxe7 13.
O-O f6 14. exf6 Qxf6 15. c3 Nc5 16. Nb3 Nxd3 17. Qxd3 Bf5 18. Qd4 Qd6 19. Qc5
Rfb8 20. Qxd6 cxd6 21. Nd4 Bd7 22. b3 a5 23. Rfe1 Kf7 24. Re2 c5 25. Nc2 Bb5
26. Rd2 a4 27. b4 Bc4 28. Ne3 cxb4 29. cxb4 Rxb4 30. Nxd5 Bxd5 31. Rxd5 Ke6 32.
Rad1 Ra6 33. Kf2 a3 34. Kg3 Rb2 35. R1d2 Rab6 36. f4 Rxd2 37. Rxd2 Rb2 38. Rf2
Kf5 39. Kf3 Rxf2+ 40. Kxf2 Kxf4 41. Ke2 Ke4 42. Kd2 d5 43. h3 Kd4 44. g3 g5 45.
g4 h6 46. Ke2 Kc3 47. Kd1 Kd3 48. Kc1 Ke2 0-1

[Event "22e tournoi d'automne"]
[Site "Montigny le Bretonneux"]
[Date "2024.10.19"]
[Round "1.8"]
[White "Tan, Jin Chew Andrew"]
[Black "Alm, Gilles"]
[Result "1-0"]
[WhiteElo "1861"]
[BlackElo "1583"]
[Annotator "Rivier,Sylvain"]
[PlyCount "78"]
[EventDate "2024.??.??"]
[BlackTeam "Mulhouse Philidor"]

{Ouverture anglaise, variante sicilienne inversée} 1. c4 e5 2. Nc3 d6 3. g3
Nc6 4. Bg2 Nf6 5. d3 g6 6. e4 Bg7 7. Nge2 Bg4 8. h3 Bxe2 9. Nxe2 O-O 10. O-O
Nd7 11. Rb1 a5 12. Nc3 Nd4 13. a3 Nc5 14. b4 axb4 15. axb4 Nce6 16. h4 c6 17.
b5 f5 18. bxc6 bxc6 19. exf5 Rxf5 20. Bh3 Rf7 21. h5 g5 22. Bxe6 Nxe6 23. Qg4
Nd4 24. Ne4 h6 25. Be3 Nf3+ 26. Kg2 d5 27. Nc5 Qd6 28. Nb7 Qc7 29. cxd5 cxd5
30. Rfc1 Qe7 31. Bc5 Qf6 32. Nd6 Nd4 33. Nxf7 Kxf7 34. Rb7+ Kg8 35. Bxd4 exd4
36. Rcc7 Bf8 37. Qd7 Bd6 38. Qh7+ Kf8 39. Rf7+ Ke8 1-0

[Event "22e tournoi d'automne"]
[Site "Montigny le Bretonneux"]
[Date "2024.10.19"]
[Round "1.9"]
[White "Boutin, Guillaume"]
[Black "Plantet, Marc"]
[Result "0-1"]
[WhiteElo "1567"]
[BlackElo "1839"]
[Annotator "Rivier,Sylvain"]
[PlyCount "48"]
[EventDate "2024.??.??"]
[WhiteTeam "Club d'Echecs du Vesinet"]
[BlackTeam "La Dame Noire"]

{Défense sicilienne} 1. e4 c5 2. b4 cxb4 3. a3 bxa3 4. Nxa3 e5 5. Nf3 Nc6 6.
Bc4 Bc5 7. O-O Nf6 8. Qe2 O-O 9. Bb2 d6 10. h3 a6 11. c3 Re8 12. Rad1 Qe7 13.
Ba2 Nh5 14. d3 Nf4 15. Qc2 Qf6 16. d4 exd4 17. cxd4 Bxa3 18. Bxa3 Nxh3+ 19. Kh1
Bg4 20. Nh2 Bxd1 21. Qxd1 Nxf2+ 22. Rxf2 Qxf2 23. Bb1 Qxd4 24. Qc2 Ne5 0-1

[Event "22e tournoi d'automne"]
[Site "Montigny le Bretonneux"]
[Date "2024.10.19"]
[Round "1.10"]
[White "Duget, Long Jc"]
[Black "Montay, Jean-Paul"]
[Result "1-0"]
[WhiteElo "1792"]
[BlackElo "1556"]
[Annotator "Rivier,Sylvain"]
[PlyCount "51"]
[EventDate "2024.??.??"]
[WhiteTeam "C.E. Fontenay le Fleury Les Fous Furieux"]
[BlackTeam "La Dame Noire"]

{Partie espagnole, défense berlinoise} 1. e4 e5 2. Nf3 Nc6 3. Bb5 Nf6 4. d3 h6
5. Bxc6 dxc6 6. Nxe5 Bd6 7. Nf3 Bg4 8. h3 Bxf3 9. Qxf3 O-O 10. O-O Re8 11. Nc3
Be5 12. Ne2 Nh7 13. Ng3 Ng5 14. Qh5 Bf6 15. Qg4 g6 16. f4 h5 17. Qd1 Bd4+ 18.
Kh1 Ne6 19. e5 Qh4 20. Qf3 Ng7 21. c3 Bb6 22. d4 Rad8 23. Be3 Kh7 24. Ne4 Kh8
25. Ng5 Kg8 26. Bf2 1-0

[Event "22e tournoi d'automne"]
[Site "Montigny le Bretonneux"]
[Date "2024.10.19"]
[Round "1.11"]
[White "Meddour, Ithri"]
[Black "Alami Messaoudi, Wissam"]
[Result "0-1"]
[WhiteElo "1531"]
[BlackElo "1783"]
[Annotator "Rivier,Sylvain"]
[PlyCount "58"]
[EventDate "2024.??.??"]
[WhiteTeam "Saint-Quentin en Yvelines"]
[BlackTeam "La Dame Noire"]

{Gambit du roi, gambit du cavalier} 1. e4 e5 2. f4 exf4 3. Nf3 Nf6 4. Nc3 d5 5.
e5 Nh5 6. Be2 g5 7. O-O Ng7 8. d4 Be7 9. Bd3 O-O 10. h3 f6 11. Re1 Nc6 12. Nh2
Bf5 13. Ne2 Bxd3 14. Qxd3 fxe5 15. dxe5 Nxe5 16. Qc3 Bf6 17. Qb3 Qd6 18. Kh1
Nc4 19. h4 h6 20. Nf3 Nf5 21. g3 Nxg3+ 22. Nxg3 fxg3 23. hxg5 hxg5 24. Nxg5
Bxg5 25. Bxg5 Rf5 26. Qxb7 Raf8 27. Be7 Qh6+ 28. Bh4 Qxh4+ 29. Kg2 Qh2# 0-1

[Event "22e tournoi d'automne"]
[Site "Montigny le Bretonneux"]
[Date "2024.10.19"]
[Round "1.12"]
[White "Kunne, Ronald"]
[Black "Tanchoux, Pierre"]
[Result "1-0"]
[WhiteElo "1769"]
[BlackElo "1527"]
[Annotator "Rivier,Sylvain"]
[PlyCount "101"]
[EventDate "2024.??.??"]
[WhiteTeam "Club d'Echecs d'Orsay"]
[BlackTeam "La Dame Noire"]

{Défense moderne} 1. e4 g6 2. d4 Bg7 3. Nc3 d6 4. Be3 Nd7 5. Nf3 a6 6. Bc4 e6
7. a4 b6 8. Qd2 Bb7 9. O-O c5 10. d5 e5 11. Ne1 h5 12. f4 Bh6 13. f5 Bxe3+ 14.
Qxe3 g5 15. Nd3 f6 16. b3 Nh6 17. Nb2 Qe7 18. Be2 Ng4 19. Qh3 Qh7 20. Nc4 Ke7
21. Bxg4 hxg4 22. Qxh7+ Rxh7 23. Ne3 Rah8 24. Nxg4 Rh4 25. h3 a5 26. Kf2 Ba6
27. Nb5 Bxb5 28. axb5 Rc8 29. c4 Rhh8 30. Rh1 Rh7 31. Ke3 Rhh8 32. Rh2 Rh7 33.
Rhh1 Rhh8 34. Nf2 Rcg8 35. Kf3 Rc8 36. g3 Rcg8 37. Rh2 Rh7 38. Rah1 Rgh8 39. h4
Kf7 40. Ng4 Ke7 41. hxg5 Rxh2 42. gxf6+ Nxf6 43. Rxh2 Rxh2 44. Nxh2 Kf7 45. Ng4
Kg7 46. Nxf6 Kxf6 47. Kg4 Kg7 48. Kg5 Kf7 49. g4 Kg7 50. f6+ Kf7 51. Kf5 1-0

[Event "22e tournoi d'automne"]
[Site "Montigny le Bretonneux"]
[Date "2024.10.19"]
[Round "1.13"]
[White "Bouloc, Roger"]
[Black "Benhadid, Jeilynn"]
[Result "0-1"]
[WhiteElo "1509"]
[BlackElo "1768"]
[Annotator "Rivier,Sylvain"]
[PlyCount "68"]
[EventDate "2024.??.??"]
[WhiteTeam "La Dame Noire"]
[BlackTeam "C.E. de  Bois-Colombes"]

{Défense sicilienne, fianchetto accéléré} 1. e4 c5 2. Nf3 Nc6 3. d4 cxd4 4.
Nxd4 g6 5. c3 Bg7 6. Bc4 Nf6 7. Qf3 Ne5 8. Qe2 Nxc4 9. Qxc4 O-O 10. Nd2 d5 11.
exd5 Nxd5 12. N2f3 a6 13. O-O b5 14. Qe2 Bb7 15. Rd1 Qc7 16. Bg5 Rfe8 17. Rac1
Rac8 18. Bh4 Qc4 19. Qxc4 Rxc4 20. Bg3 e5 21. Nb3 Rcc8 22. Re1 f6 23. Nfd2 f5
24. f3 Kf7 25. c4 Nb4 26. cxb5 axb5 27. Rxc8 Rxc8 28. Bxe5 Nd3 29. Bxg7 Nxe1
30. Kf1 Nxf3 31. Nxf3 Bxf3 32. Be5 Bd5 33. Nd4 Bxa2 34. Nxb5 Bc4+ 0-1

[Event "22e tournoi d'automne"]
[Site "Montigny le Bretonneux"]
[Date "2024.10.19"]
[Round "1.14"]
[White "Carroll, John"]
[Black "Warin, Anouk"]
[Result "1-0"]
[WhiteElo "1754"]
[BlackElo "1497"]
[Annotator "Rivier,Sylvain"]
[PlyCount "77"]
[EventDate "2024.??.??"]
[WhiteTeam "Club du Canal St-Martin Paris"]
[BlackTeam "C.E. Fontenay le Fleury "]

{Défense française, variante Tarrasch fermée} 1. e4 e6 2. d4 d5 3. Nd2 Nf6
4. e5 Nfd7 5. Bd3 c5 6. c3 Nc6 7. Ne2 Qb6 8. Nf3 Be7 9. O-O O-O 10. Re1 f6 11.
exf6 Nxf6 12. dxc5 Bxc5 13. Ned4 e5 14. Nxe5 Nxd4 15. cxd4 Bxd4 16. Qc2 Ne4 17.
Be3 Rxf2 18. Bxd4 Qxd4 19. Rxe4 dxe4 20. Qc4+ Qxc4 21. Bxc4+ Kf8 22. Kxf2 Bf5
23. Rd1 Re8 24. Nd7+ Ke7 25. Nc5 b6 26. Na4 Kf6 27. Ke3 h5 28. h4 g6 29. Nc3 g5
30. g3 gxh4 31. gxh4 Bg4 32. Rd4 Bf3 33. Nxe4+ Bxe4 34. Rxe4 Rd8 35. Rd4 Re8+
36. Kf4 Re1 37. Rd6+ Kg7 38. Rd7+ Kh6 39. Bd3 1-0

[Event "22e tournoi d'automne"]
[Site "Montigny le Bretonneux"]
[Date "2024.10.19"]
[Round "1.15"]
[White "Ben Hamouda, Catherine"]
[Black "Sacher, Arthur"]
[Result "0-1"]
[WhiteElo "1469"]
[BlackElo "1751"]
[Annotator "Rivier,Sylvain"]
[PlyCount "44"]
[EventDate "2024.??.??"]
[WhiteTeam "C.E. Fontenay le Fleury Les Fous Furieux"]
[BlackTeam "Club d'Echecs du Vesinet"]

{Défense Caro-Kann, variante d'échange} 1. e4 c6 2. d4 d5 3. exd5 cxd5 4. Bd3
Nc6 5. c3 Qc7 6. Ne2 Bg4 7. Qc2 Bxe2 8. Bxe2 Nxd4 9. Qa4+ Nc6 10. Be3 Nf6 11.
Nd2 e6 12. O-O-O Bd6 13. f4 Nd7 14. g3 a6 15. Nf3 O-O 16. Kb1 Rfb8 17. Rc1 b5
18. Qc2 h6 19. Rhd1 Na5 20. Nd2 Nc4 21. Nxc4 bxc4 22. Bf3 Ba3 0-1

[Event "22e tournoi d'automne"]
[Site "Montigny le Bretonneux"]
[Date "2024.10.19"]
[Round "1.16"]
[White "Delage, Charles"]
[Black "Carbonero, Jean Marc"]
[Result "1-0"]
[WhiteElo "1749"]
[BlackElo "1399"]
[Annotator "Rivier,Sylvain"]
[PlyCount "55"]
[EventDate "2024.??.??"]
[WhiteTeam "GIF-CC2-Echecs"]
[BlackTeam "La Dame Noire"]

{Partie du pion dame} 1. Nf3 Nc6 2. d4 d5 3. Bf4 e6 4. e3 Nf6 5. Nbd2 Be7 6. c3
O-O 7. Bd3 h6 8. O-O Bd6 9. Bxd6 cxd6 10. c4 e5 11. cxd5 e4 12. dxc6 exd3 13.
Qb3 Qb6 14. Qxb6 axb6 15. Nc4 Be6 16. cxb7 Ra6 17. Nxd6 Rxa2 18. Rxa2 Bxa2 19.
Nc8 Nd7 20. Ne5 Nb8 21. Nxd3 Bd5 22. Ne7+ Kh7 23. Nxd5 b5 24. Rc1 Rd8 25. Rc8
Rxd5 26. Rxb8 Rd7 27. Rh8+ Kxh8 28. b8=Q+ 1-0

[Event "22e tournoi d'automne"]
[Site "Montigny le Bretonneux"]
[Date "2024.10.19"]
[Round "1.17"]
[White "Demeocq, Agathe"]
[Black "Fayolle, Guy"]
[Result "0-1"]
[WhiteElo "1299"]
[BlackElo "1733"]
[Annotator "Rivier,Sylvain"]
[PlyCount "66"]
[EventDate "2024.??.??"]
[WhiteTeam "Geneston Sud Loire échecs"]
[BlackTeam "Saint-Quentin en Yvelines"]

{Partie italienne} 1. e4 e5 2. Nf3 Nc6 3. Bc4 Nf6 4. Nc3 Bc5 5. O-O d6 6. d3
Bg4 7. h3 Bh5 8. Be3 Nd4 9. Bg5 Nxf3+ 10. Kh1 Nxg5 11. Qd2 Ne6 12. Rfe1 O-O 13.
Rad1 Nd4 14. Rc1 a6 15. a3 b5 16. Ba2 b4 17. Na4 Rb8 18. c3 bxc3 19. Nxc3 Nb3
20. Qc2 Nxc1 21. Qxc1 Bxf2 22. Rf1 Bh4 23. Bc4 a5 24. Nb5 g5 25. Qc3 g4 26.
hxg4 Bxg4 27. Qxa5 Nh5 28. Nxc7 Ng3+ 29. Kg1 Nxf1 30. Kxf1 Qf6+ 31. Kg1 Qf2+
32. Kh1 Rxb2 33. Nb5 Qxg2# 0-1

[Event "22e tournoi d'automne"]
[Site "Montigny le Bretonneux"]
[Date "2024.10.20"]
[Round "2.1"]
[White "Fruchard, Cyrille"]
[Black "Kunne, Ronald"]
[Result "1-0"]
[WhiteElo "2276"]
[BlackElo "1769"]
[Annotator "Rivier,Sylvain"]
[PlyCount "63"]
[EventDate "2024.??.??"]
[WhiteTeam "La Dame Noire"]
[BlackTeam "Club d'Echecs d'Orsay"]

{Début Réti, attaque est-indienne} 1. Nf3 d5 2. g3 Nf6 3. Bg2 c5 4. O-O Nc6
5. d3 e5 6. e4 dxe4 7. dxe4 Qxd1 8. Rxd1 Bg4 9. c3 Nxe4 10. Re1 Rd8 11. h3 Bxf3
12. Bxf3 Nf6 13. Bxc6+ bxc6 14. Rxe5+ Be7 15. Nd2 Rd5 16. Re1 Kd7 17. Nc4 Bd6
18. Be3 Re8 19. Nxd6 Kxd6 20. c4 Rd3 21. Kf1 Ne4 22. Ke2 Rxe3+ 23. Kxe3 Nxg3+
24. Kf3 Rxe1 25. Rxe1 Nf5 26. Re8 Nd4+ 27. Ke3 Nf5+ 28. Kf4 Nd4 29. Ra8 Ne2+
30. Ke3 Ng1 31. Rxa7 Nxh3 32. Rxf7 1-0

[Event "22e tournoi d'automne"]
[Site "Montigny le Bretonneux"]
[Date "2024.10.20"]
[Round "2.2"]
[White "Alami Messaoudi, Wissam"]
[Black "Loiret, Stanislas"]
[Result "0-1"]
[WhiteElo "1783"]
[BlackElo "2153"]
[Annotator "Rivier,Sylvain"]
[PlyCount "48"]
[EventDate "2024.??.??"]
[WhiteTeam "La Dame Noire"]
[BlackTeam "Bayard Monge Echecs"]

{Défense sicilienne, variante Paulsen} 1. e4 c5 2. Nf3 e6 3. d4 cxd4 4. Nxd4
a6 5. c4 Nf6 6. Bd3 Nc6 7. Nxc6 dxc6 8. O-O e5 9. Qe2 Be6 10. f4 Bc5+ 11. Kh1
exf4 12. Bxf4 Ng4 13. Bg3 h5 14. Rf3 h4 15. Be1 Ne5 16. Bc3 Nxf3 17. gxf3 Qg5
18. Qg2 Qc1+ 19. Qf1 Qxf1+ 20. Bxf1 O-O-O 21. Nd2 Bd4 22. Bxd4 Rxd4 23. Nb3 Rd7
24. f4 Bg4 0-1

[Event "22e tournoi d'automne"]
[Site "Montigny le Bretonneux"]
[Date "2024.10.20"]
[Round "2.3"]
[White "Gouanelle, Franck"]
[Black "Carroll, John"]
[Result "1-0"]
[WhiteElo "2033"]
[BlackElo "1754"]
[Annotator "Rivier,Sylvain"]
[PlyCount "61"]
[EventDate "2024.??.??"]
[WhiteTeam "C.E. de Rueil Malmaison"]
[BlackTeam "Club du Canal St-Martin Paris"]

{Défense Caro-Kann, variante principale} 1. e4 c6 2. d4 d5 3. Nd2 dxe4 4. Nxe4
Bf5 5. Ng3 Bg6 6. Bc4 e6 7. N1e2 Bd6 8. O-O Nf6 9. f4 O-O 10. f5 Bxf5 11. Nxf5
exf5 12. Rxf5 Nbd7 13. Qd3 Nb6 14. Bg5 Be7 15. Bb3 Qd6 16. Raf1 Rac8 17. c4 Qd8
18. Bc2 Re8 19. Bxf6 Bxf6 20. Rxf6 gxf6 21. Qxh7+ Kf8 22. Qh8+ Ke7 23. Qxf6+
Kd7 24. Qxf7+ Re7 25. Qf5+ Kc7 26. Qf4+ Qd6 27. Qxd6+ Kxd6 28. c5+ Kd7 29. cxb6
Rxe2 30. Bf5+ Re6 31. Re1 1-0

[Event "22e tournoi d'automne"]
[Site "Montigny le Bretonneux"]
[Date "2024.10.20"]
[Round "2.4"]
[White "Benhadid, Jeilynn"]
[Black "Forissier, Nicolas"]
[Result "0-1"]
[WhiteElo "1768"]
[BlackElo "1934"]
[Annotator "Rivier,Sylvain"]
[PlyCount "106"]
[EventDate "2024.??.??"]
[WhiteTeam "C.E. de  Bois-Colombes"]
[BlackTeam "La Dame Noire"]

{Défense est-indienne, variante orthodoxe} 1. d4 Nf6 2. c4 g6 3. Nc3 Bg7 4. e4
d6 5. Nf3 O-O 6. Be2 Nbd7 7. O-O e5 8. Be3 Ng4 9. Bg5 f6 10. Bc1 c6 11. Qc2 Qe7
12. Rd1 f5 13. Rb1 exd4 14. h3 dxc3 15. hxg4 fxg4 16. Ne1 Ne5 17. bxc3 Be6 18.
Ba3 c5 19. Qd2 Bxc4 20. Nc2 Qh4 21. Bxc4+ Nxc4 22. Qe2 Nxa3 23. Nxa3 Bxc3 24.
g3 Qf6 25. Rxb7 Bd4 26. Rf1 Qf3 27. Qxf3 Rxf3 28. Nc2 Rxg3+ 29. Kh2 Rd3 30.
Nxd4 Rxd4 31. Rd7 Rf8 32. Rxa7 Rxe4 33. a4 Rf7 34. Ra6 d5 35. Ra8+ Kg7 36. a5
Ra4 37. a6 d4 38. Rb1 Rxf2+ 39. Kg3 Rf7 40. Rb7 Kf6 41. Rb6+ Kg5 42. Rb7 Rxa6
43. Rxf7 Rxa8 44. Rxh7 Ra3+ 45. Kg2 c4 46. Rd7 Rd3 47. Rc7 c3 48. Kf2 Rd2+ 49.
Kg3 c2 50. Rc5+ Kh6 51. Kf4 d3 52. Ke3 Rd1 53. Rc3 c1=Q+ 0-1

[Event "22e tournoi d'automne"]
[Site "Montigny le Bretonneux"]
[Date "2024.10.20"]
[Round "2.5"]
[White "Divies, Renaud"]
[Black "Delage, Charles"]
[Result "1-0"]
[WhiteElo "1929"]
[BlackElo "1749"]
[Annotator "Rivier,Sylvain"]
[PlyCount "69"]
[EventDate "2024.??.??"]
[WhiteTeam "Club d'Echecs du Vesinet"]
[BlackTeam "GIF-CC2-Echecs"]

{Ouverture anglaise, variante Botvinnik} 1. c4 Nf6 2. Nc3 c5 3. g3 e6 4. Bg2 d5
5. d3 Nc6 6. b3 Be7 7. f4 d4 8. Ne4 O-O 9. Nxf6+ Bxf6 10. Nf3 Rb8 11. O-O b6
12. Ng5 Bb7 13. Ne4 Be7 14. f5 exf5 15. Rxf5 Qd7 16. Qf1 Nb4 17. Bh3 Bxe4 18.
dxe4 Qd8 19. Bd2 Nc2 20. Rd1 Bd6 21. Rd5 Qe7 22. e5 Bxe5 23. Qf5 Bf6 24. Qxc2
Qxe2 25. Re1 Qf3 26. Qe4 Qxe4 27. Rxe4 Rfd8 28. Bd7 g6 29. Kf2 b5 30. Ba5 Rf8
31. Bxb5 d3 32. Ke3 a6 33. Bxa6 Bd8 34. Bxd8 Rbxd8 35. Kxd3 1-0

[Event "22e tournoi d'automne"]
[Site "Montigny le Bretonneux"]
[Date "2024.10.20"]
[Round "2.6"]
[White "Martin-Breteau, Paul"]
[Black "Salagnac, Sowan"]
[Result "1-0"]
[WhiteElo "1884"]
[BlackElo "1299"]
[Annotator "Rivier,Sylvain"]
[PlyCount "55"]
[EventDate "2024.??.??"]
[WhiteTeam "GIF-CC2-Echecs"]
[BlackTeam "Saint-Quentin en Yvelines"]

{Défense Caro-Kann, variante des deux cavaliers} 1. e4 c6 2. Nf3 d5 3. Nc3
dxe4 4. Nxe4 Nf6 5. Qe2 Bf5 6. Nxf6+ gxf6 7. d4 e6 8. g3 Bd6 9. Bg2 Nd7 10. O-O
Qc7 11. c4 c5 12. Nh4 Bg6 13. d5 Ne5 14. Nxg6 hxg6 15. f4 Nd7 16. dxe6 fxe6 17.
Qxe6+ Be7 18. Re1 Rh7 19. Be4 Nf8 20. Qd5 Rb8 21. Qg8 f5 22. Bd5 Rd8 23. Bd2
Qd6 24. Rad1 Qf6 25. Bc3 Qa6 26. Bf7+ Rxf7 27. Rxd8+ Kxd8 28. Qxf7 1-0

[Event "22e tournoi d'automne"]
[Site "Montigny le Bretonneux"]
[Date "2024.10.20"]
[Round "2.8"]
[White "Fayolle, Guy"]
[Black "Duget, Long Jc"]
[Result "0-1"]
[WhiteElo "1733"]
[BlackElo "1792"]
[Annotator "Rivier,Sylvain"]
[PlyCount "61"]
[EventDate "2024.??.??"]
[WhiteTeam "Saint-Quentin en Yvelines"]
[BlackTeam "C.E. Fontenay le Fleury "]

{Défense sicilienne} 1. e4 c5 2. Nf3 g6 3. d4 cxd4 4. Nxd4 Nf6 5. Nc3 Bg7 6.
Be3 O-O 7. Qd2 Ng4 8. Bg5 Nc6 9. Nxc6 bxc6 10. h3 Nf6 11. e5 Ne8 12. f4 Nc7 13.
O-O-O Ne6 14. Bh4 Bh6 15. g3 Bg7 16. g4 f5 17. Bc4 Qe8 18. Ne2 Kh8 19. Ng3 Rb8
20. gxf5 gxf5 21. c3 a5 22. Bd3 Bh6 23. Bg5 Bxg5 24. fxg5 f4 25. Nf5 Nc5 26.
Bc2 Qf7 27. Bb1 d5 28. Nh6 Qg7 29. h4 Qxe5 30. Rde1 Ne4 31. Bxe4 0-1

[Event "22e tournoi d'automne"]
[Site "Montigny le Bretonneux"]
[Date "2024.10.20"]
[Round "2.9"]
[White "Benhadid, Jazzmine"]
[Black "Rajewski, Alexandre"]
[Result "1/2-1/2"]
[WhiteElo "1723"]
[BlackElo "1920"]
[Annotator "Rivier,Sylvain"]
[PlyCount "95"]
[EventDate "2024.??.??"]
[WhiteTeam "C.E. de  Bois-Colombes"]
[BlackTeam "Villepreux "]

{Partie des trois cavaliers} 1. e4 e5 2. Nf3 Nc6 3. Nc3 Bc5 4. Nxe5 Nxe5 5. d4
Bb6 6. dxe5 Ne7 7. Bc4 Ng6 8. O-O Nxe5 9. Bb3 Qh4 10. Qd2 d6 11. Qf4 Qxf4 12.
Bxf4 Ng6 13. Bg3 O-O 14. Kh1 Be6 15. Nd5 Bxd5 16. Bxd5 c6 17. Bb3 Rad8 18. Rad1
Bc7 19. Rfe1 Rfe8 20. Re3 Kf8 21. f3 f6 22. Red3 Ne5 23. R3d2 b5 24. a4 a6 25.
axb5 axb5 26. Ra1 Ra8 27. Rdd1 Ke7 28. Bf2 h6 29. Ba7 Nd7 30. Ra3 Rec8 31. Rda1
Bb6 32. Bxb6 Nxb6 33. Ra7+ Rxa7 34. Rxa7+ Nd7 35. Kg1 f5 36. exf5 d5 37. c3 Kd6
38. Bc2 Re8 39. Kf2 Re7 40. g4 Re8 41. h4 Re5 42. f4 Re8 43. Ra1 Nf6 44. Kf3
Re7 45. g5 Nd7 46. Kf2 hxg5 47. hxg5 Re8 48. Kf3 1/2-1/2